| 000 | 00725cam a22002291 4500 | ||
|---|---|---|---|
| 001 | hew59000044 | ||
| 003 | DLC | ||
| 005 | 20260227111509.0 | ||
| 008 | 860508s1958 dcu b f000 0 eng c | ||
| 010 | _ahew59000044 | ||
| 035 | _a(OCoLC)13543192 | ||
| 040 |
_aU.S. Dept. of Health, Education, and Welfare. Library _cDNIE _dDLC |
||
| 042 | _apremarc | ||
| 050 | 0 | 0 |
_aZ5814.T7 _bU5 |
| 110 | 1 |
_aUnited States. _bOffice of Education. |
|
| 245 | 1 | 0 |
_aSelected references on pupil transportation, _cby E. Glenn Featherston. |
| 260 |
_aWashington, _c1958. |
||
| 300 |
_a17 p. _c27 cm. |
||
| 650 | 0 |
_aSchool children _xTransportation _vBibliography. |
|
| 700 | 1 |
_aFeatherston, E. Glenn, _d1900- |
|
| 740 | 0 | _aPupil transportation. | |
| 999 |
_c34199 _d34199 |
||